[Event "Irish Championship 2013"]
[Site "Limerick IRL"]
[Date "2013.07.10"]
[Round "5.10"]
[White "Twomey, Pat"]
[Black "O'Grady, Martin"]
[Result "1/2-1/2"]
[WhiteElo "1875"]
[BlackElo "1903"]
[WhiteICU "1677"]
[BlackICU "1806"]
[WhiteClub "C.C.Y.M.S."]
[BlackClub "Sarsfield"]
[WhiteNationality "IRL"]
[BlackNationality "IRL"]
[WhiteFideId "2501937"]
[BlackFideId "2505568"]
[WhiteICUId "1637"]
[BlackICUId "1276"]
[PlyCount "48"]
[EventDate "2013.07.06"]
[Source "Tournament web site"]

{ Event information: <a
href="https://www.irlchess.com/irlch2013_allfiles/pairings_irlch2013.html">Tournament
report</a>. }

1. c4 e5 2. Nc3 Nf6 3. Nf3 Nc6 4. e3 Bb4 5. Nd5 e4 6. Nxb4 Nxb4 7. Nd4 c5
8. Nb3 b6 9. d4 exd3 10. Bxd3 Nxd3+ 11. Qxd3 d5 12. cxd5 Qxd5 13. Qxd5 Nxd5
14. Bd2 f5 15. f3 O-O 16. Kf2 Bb7 17. Rac1 a5 18. Rc2 Ba6 19. Nc1 Rfd8 20.
Re1 c4 21. a3 Rac8 22. e4 fxe4 23. Rxe4 Re8 24. Rxe8+ Rxe8 1/2-1/2

[Event "Irish Championship 2013"]
[Site "Limerick IRL"]
[Date "2013.07.11"]
[Round "6.1"]
[White "Fitzsimons, David"]
[Black "Daly, Colm"]
[Result "0-1"]
[WhiteTitle "FM"]
[BlackTitle "FM"]
[WhiteElo "2331"]
[BlackElo "2339"]
[WhiteICU "2312"]
[BlackICU "2298"]
[WhiteClub "Elm Mount"]
[BlackClub "Bray/Greystones"]
[WhiteNationality "IRL"]
[BlackNationality "IRL"]
[WhiteFideId "2501961"]
[BlackFideId "2500434"]
[WhiteICUId "6236"]
[BlackICUId "295"]
[PlyCount "98"]
[EventDate "2013.07.06"]
[Source "Live boards"]

{ Event information: <a
href="https://www.irlchess.com/irlch2013_allfiles/pairings_irlch2013.html">Tournament
report</a>. }

1. e4 e5 2. Nf3 Qe7 3. Nc3 c6 4. d4 d6 5. Bg5 Nf6 6. Bc4 h6 7. Bh4 Nbd7 8.
Qe2 g6 9. O-O Bg7 10. a4 O-O 11. a5 Re8 12. d5 a6 13. b4 c5 14. b5 g5 15.
Bg3 Nh5 16. bxa6 bxa6 17. Rfb1 Nf4 18. Qf1 f5 19. Nd2 Nxg2 20. Kxg2 f4 21.
Na4 Ra7 22. Nb6 Bb7 23. Nxd7 Qxd7 24. Rb6 Rea8 25. Bb3 Bf8 26. Ba4 Qh7 27.
Qd3 Rd8 28. Bb3 h5 29. Bc4 Rda8 30. Rab1 h4 31. Nf3 hxg3 32. hxg3 g4 33.
Nh4 Bc8 34. Rh1 Rf7 35. Nf5 Qg6 36. gxf4 Rxf5 37. exf5 Bxf5 38. Qg3 Be4+
39. Kg1 Bxh1 40. Kxh1 Qe4+ 41. Kg1 Ra7 42. Bxa6 exf4 43. f3 Qd4+ 44. Qf2
Qa1+ 45. Bf1 g3 46. Qd2 Rh7 47. Qd3 c4 48. Qg6+ Kh8 49. Rb1 Qd4+ 0-1

[Event "Irish Championship 2013"]
[Site "Limerick IRL"]
[Date "2013.07.11"]
[Round "6.2"]
[White "O'Cinneide, Mel"]
[Black "Quinn, Rory"]
[Result "1-0"]
[WhiteElo "2225"]
[BlackElo "2101"]
[WhiteICU "2171"]
[BlackICU "2071"]
[WhiteClub "Rathmines"]
[BlackClub "Ennis"]
[WhiteNationality "IRL"]
[BlackNationality "IRL"]
[WhiteFideId "2500620"]
[BlackFideId "2501643"]
[WhiteICUId "720"]
[BlackICUId "1405"]
[PlyCount "57"]
[EventDate "2013.07.06"]
[Source "Live boards"]
[WhiteFullName "&Oacute; Cinn&eacute;ide, Mel"]

{ Event information: <a
href="https://www.irlchess.com/irlch2013_allfiles/pairings_irlch2013.html">Tournament
report</a>. }

1. c4 e5 2. g3 Nf6 3. Bg2 d5 4. cxd5 Nxd5 5. Nf3 Nc6 6. O-O Nb6 7. b3 Be7
8. Bb2 f6 9. Nc3 O-O 10. Rc1 Be6 11. Ne4 Qd7 12. d4 exd4 13. Nxd4 Nxd4 14.
Bxd4 Rfd8 15. Bc5 Bd5 16. Qc2 c6 17. Rfd1 Qe6 18. e3 Nd7 19. Rd4 g6 20.
Rcd1 f5 21. Rxd5 fxe4 22. Bxe7 cxd5 23. Bxd8 Rxd8 24. Qc7 Rf8 25. Qxb7 Nf6
26. Qxa7 Ng4 27. Bh3 Rxf2 28. Qa8+ Kg7 29. Qxd5 1-0

[Event "Irish Championship 2013"]
[Site "Limerick IRL"]
[Date "2013.07.11"]
[Round "6.3"]
[White "Redmond, John P."]
[Black "O'Connor, Jonathan"]
[Result "0-1"]
[WhiteElo "2217"]
[BlackElo "2149"]
[WhiteICU "2176"]
[BlackICU "2140"]
[WhiteClub "Atticus ENG"]
[BlackClub "Dublin"]
[WhiteNationality "IRL"]
[BlackNationality "IRL"]
[WhiteFideId "2500051"]
[BlackFideId "2501112"]
[WhiteICUId "1422"]
[BlackICUId "1243"]
[PlyCount "64"]
[EventDate "2013.07.06"]
[Source "Live boards"]

{ Event information: <a
href="https://www.irlchess.com/irlch2013_allfiles/pairings_irlch2013.html">Tournament
report</a>. }

1. d4 d5 2. Nf3 c6 3. c4 e6 4. Nc3 dxc4 5. Bg5 f6 6. Bd2 Bb4 7. a4 a5 8. b3
cxb3 9. Qxb3 Ne7 10. e4 Na6 11. Bc4 Nc7 12. O-O Rb8 13. Bf4 O-O 14. Bxc7
Qxc7 15. Bxe6+ Bxe6 16. Qxe6+ Kh8 17. Rac1 Rfe8 18. Qc4 Qf4 19. e5 Rbd8 20.
Ne2 Qf5 21. Ng3 Qg6 22. h4 Rd5 23. h5 Qh6 24. Rc2 f5 25. Ne2 f4 26. Nc1
Rdd8 27. Nd3 Nd5 28. Nc5 Bxc5 29. Qxc5 Qxh5 30. Qxa5 b6 31. Qd2 Re6 32. g3
Qxf3 0-1

[Event "Irish Championship 2013"]
[Site "Limerick IRL"]
[Date "2013.07.11"]
[Round "6.4"]
[White "Orr, Mark J. L."]
[Black "Short, Philip"]
[Result "0-1"]
[WhiteTitle "IM"]
[BlackTitle "FM"]
[WhiteElo "2247"]
[BlackElo "2260"]
[WhiteICU "2208"]
[WhiteClub "Wandering Dragons SCO"]
[WhiteNationality "IRL"]
[BlackNationality "IRL"]
[WhiteFideId "2500035"]
[BlackFideId "2500086"]
[WhiteICUId "1350"]
[BlackICUId "1557"]
[PlyCount "72"]
[EventDate "2013.07.06"]
[Source "Live boards"]

{ Event information: <a
href="https://www.irlchess.com/irlch2013_allfiles/pairings_irlch2013.html">Tournament
report</a>. }

1. d4 f5 2. Bg5 g6 3. Nc3 d5 4. h4 Bg7 5. e3 Be6 6. Nf3 Nf6 7. Ne5 Nbd7 8.
f4 Nh5 9. Qf3 Ndf6 10. Bxf6 Nxf6 11. Be2 Ne4 12. Nxe4 fxe4 13. Qg3 Bxe5 14.
fxe5 c5 15. Bb5+ Bd7 16. Bxd7+ Qxd7 17. O-O O-O-O 18. Rf7 Rdf8 19. Raf1
Rxf7 20. Rxf7 Qe6 21. Rf1 cxd4 22. exd4 a6 23. c3 h6 24. b3 Kb8 25. Qe3 g5
26. hxg5 hxg5 27. Qxg5 Rg8 28. Qf5 Qh6 29. Qf4 Qh5 30. c4 dxc4 31. bxc4 Qe2
32. Rf2 Qd1+ 33. Kh2 Rh8+ 34. Kg3 Qd3+ 35. Kg4 Qd1+ 36. Kg3 Qh5 0-1

[Event "Irish Championship 2013"]
[Site "Limerick IRL"]
[Date "2013.07.11"]
[Round "6.5"]
[White "MacElligott, Gerard"]
[Black "Delaney, Killian"]
[Result "0-1"]
[WhiteTitle "CM"]
[WhiteElo "2050"]
[BlackElo "2117"]
[WhiteICU "1908"]
[BlackICU "2067"]
[WhiteClub "Elm Mount"]
[BlackClub "Rathmines"]
[WhiteNationality "IRL"]
[BlackNationality "IRL"]
[WhiteFideId "2500647"]
[BlackFideId "2501570"]
[WhiteICUId "1078"]
[BlackICUId "5104"]
[PlyCount "116"]
[EventDate "2013.07.06"]
[Source "Live boards"]

{ Event information: <a
href="https://www.irlchess.com/irlch2013_allfiles/pairings_irlch2013.html">Tournament
report</a>. }

1. d4 Nf6 2. c4 g6 3. Nc3 Bg7 4. e4 d6 5. Nf3 O-O 6. Be2 e5 7. dxe5 dxe5 8.
Qxd8 Rxd8 9. Bg5 c6 10. Nxe5 Re8 11. O-O-O h6 12. Bh4 Na6 13. f4 g5 14.
fxg5 hxg5 15. Bg3 Nc5 16. Nf3 Nfxe4 17. Nxe4 Nxe4 18. Be1 g4 19. Nd4 Nc5
20. Bf2 Na4 21. Bd3 c5 22. Nb5 Nxb2 23. Nc7 Nxd1 24. Rxd1 Be6 25. Bxc5 Rec8
26. Bd6 Rxc7 27. Bxc7 Rc8 28. Bg3 Bxc4 29. Bxc4 Rxc4+ 30. Kb1 Rb4+ 31. Kc1
Rb2 32. Rd8+ Kh7 33. Rd7 Kg6 34. a4 Rb4 35. Kc2 f5 36. a5 Ra4 37. Kb3 Rxa5
38. Rxb7 a6 39. h3 Be5 40. Bxe5 Rxe5 41. hxg4 fxg4 42. Rb6+ Kg5 43. Rxa6
Re2 44. g3 Re3+ 45. Kc2 Rxg3 46. Kd2 Rf3 47. Ke2 Kh4 48. Ra1 Rf8 49. Rh1+
Kg3 50. Rg1+ Kh3 51. Rh1+ Kg2 52. Rh5 Re8+ 53. Kd2 g3 54. Rf5 Kg1 55. Rh5
g2 56. Rf5 Rg8 57. Ke2 Kh2 58. Rh5+ Kg3 0-1

[Event "Irish Championship 2013"]
[Site "Limerick IRL"]
[Date "2013.07.11"]
[Round "6.6"]
[White "Walsh, Paul"]
[Black "Hughes, John L."]
[Result "1-0"]
[WhiteElo "2118"]
[BlackElo "2046"]
[WhiteICU "2017"]
[WhiteClub "Sarsfield"]
[WhiteNationality "IRL"]
[BlackNationality "IRL"]
[WhiteFideId "2501260"]
[BlackFideId "2046105"]
[WhiteICUId "3820"]
[PlyCount "53"]
[EventDate "2013.07.06"]
[Source "Live boards"]

{ Event information: <a
href="https://www.irlchess.com/irlch2013_allfiles/pairings_irlch2013.html">Tournament
report</a>. }

1. e4 c5 2. Ne2 e6 3. g3 Nc6 4. Bg2 a6 5. O-O d6 6. d4 cxd4 7. Nxd4 Qc7 8.
c4 Bd7 9. b3 Be7 10. Bb2 Nf6 11. Nc3 O-O 12. Rc1 Qb8 13. Re1 Rc8 14. Nxc6
Bxc6 15. Nd5 Bxd5 16. exd5 e5 17. f4 Re8 18. fxe5 dxe5 19. c5 Nd7 20. d6
Bg5 21. Rc2 Qa7 22. b4 a5 23. Qg4 axb4 24. Qxd7 Qxa2 25. Qf5 Qb3 26. Rce2
Bf6 27. Be4 1-0

[Event "Irish Championship 2013"]
[Site "Limerick IRL"]
[Date "2013.07.11"]
[Round "6.7"]
[White "O'Rourke, Ray"]
[Black "Cormican, John"]
[Result "1/2-1/2"]
[WhiteElo "2023"]
[BlackElo "1965"]
[WhiteICU "1907"]
[BlackICU "1803"]
[WhiteClub "Bray/Greystones"]
[BlackClub "Galway"]
[WhiteNationality "IRL"]
[BlackNationality "IRL"]
[WhiteFideId "2501023"]
[BlackFideId "2506220"]
[WhiteICUId "1321"]
[BlackICUId "6523"]
[PlyCount "130"]
[EventDate "2013.07.06"]
[Source "Live boards"]

{ Event information: <a
href="https://www.irlchess.com/irlch2013_allfiles/pairings_irlch2013.html">Tournament
report</a>. }

1. e4 c5 2. c3 Nf6 3. e5 Nd5 4. Nf3 Nc6 5. Bc4 Nb6 6. Bb3 d5 7. exd6 e5 8.
O-O Bxd6 9. d4 O-O 10. Bg5 Qc7 11. dxc5 Bxc5 12. Nbd2 h6 13. Bh4 Bf5 14.
Bc2 Bxc2 15. Qxc2 f5 16. h3 e4 17. Nd4 Qe5 18. Nxc6 bxc6 19. b4 Bd6 20. Bg3
f4 21. Bh2 e3 22. Nf3 exf2+ 23. Rxf2 Qf6 24. Nd4 c5 25. bxc5 Bxc5 26. Rxf4
Qg5 27. Raf1 Nd5 28. Rxf8+ Rxf8 29. Rxf8+ Kxf8 30. Kh1 Qe3 31. Qf5+ Ke8 32.
Qxd5 Qxc3 33. Qe6+ Kf8 34. Bd6+ Bxd6 35. Qxd6+ Kg8 36. Qd8+ Kh7 37. Nf3
Qa1+ 38. Kh2 Qxa2 39. Qd3+ Kh8 40. h4 Qf7 41. Qe4 Qc7+ 42. Qe5 Qd8 43. h5
a5 44. Qf4 Qe8 45. Qe5 Qd8 46. g4 a4 47. g5 hxg5 48. Nxg5 Qd2+ 49. Kh3 Qd3+
50. Kg4 Qd1+ 51. Kf5 Qf1+ 52. Kg6 Qd3+ 53. Ne4 Qa6+ 54. Kg5 a3 55. Nd6 Qa7
56. Qe8+ Kh7 57. Qe4+ Kh8 58. Qe8+ Kh7 59. Qg6+ Kg8 60. Qe6+ Kh7 61. Qe4+
Kg8 62. Kg6 Qg1+ 63. Kf5 Qf2+ 64. Ke6 a2 65. Qa8+ Kh7 1/2-1/2

[Event "Irish Championship 2013"]
[Site "Limerick IRL"]
[Date "2013.07.11"]
[Round "6.8"]
[White "Quinn, Ciaran"]
[Black "Freeman, Gordon"]
[Result "1/2-1/2"]
[WhiteElo "2098"]
[BlackElo "2047"]
[WhiteICU "2031"]
[BlackICU "2023"]
[WhiteClub "Elm Mount"]
[BlackClub "Gonzaga"]
[WhiteNationality "IRL"]
[BlackNationality "IRL"]
[WhiteFideId "2500817"]
[BlackFideId "2501309"]
[WhiteICUId "1398"]
[BlackICUId "4153"]
[PlyCount "61"]
[EventDate "2013.07.06"]
[Source "Live boards"]
[WhiteFullName "Quinn, Ciar&aacute;n"]

{ Event information: <a
href="https://www.irlchess.com/irlch2013_allfiles/pairings_irlch2013.html">Tournament
report</a>. }

1. d4 Nf6 2. c4 e6 3. Nf3 Bb4+ 4. Nc3 Bxc3+ 5. bxc3 O-O 6. g3 d6 7. Bg2 c5
8. O-O Nc6 9. Bf4 Ne4 10. dxc5 e5 11. Be3 Nxc5 12. Qc2 Qe7 13. Rfd1 Ne6 14.
Qd2 Rd8 15. Rab1 Qc7 16. Ng5 Nxg5 17. Bxg5 f6 18. Be3 Be6 19. Bd5 Bf7 20.
Rb5 Kh8 21. Bxf7 Qxf7 22. Rd5 h6 23. Qb2 Qc7 24. Qa3 b6 25. Rxd6 Na5 26.
Rxd8+ Rxd8 27. Rxd8+ Qxd8 28. Qa4 Qc7 29. c5 bxc5 30. c4 Qb6 31. Qb5
1/2-1/2

[Event "Irish Championship 2013"]
[Site "Limerick IRL"]
[Date "2013.07.11"]
[Round "6.9"]
[White "Twomey, Pat"]
[Black "Fox, Anthony"]
[Result "0-1"]
[WhiteElo "1875"]
[BlackElo "2093"]
[WhiteICU "1677"]
[BlackICU "2027"]
[WhiteClub "C.C.Y.M.S."]
[BlackClub "Dun Laoghaire"]
[WhiteNationality "IRL"]
[BlackNationality "IRL"]
[WhiteFideId "2501937"]
[BlackFideId "2500736"]
[WhiteICUId "1637"]
[BlackICUId "456"]
[PlyCount "70"]
[EventDate "2013.07.06"]
[Source "Tournament web site"]

{ Event information: <a
href="https://www.irlchess.com/irlch2013_allfiles/pairings_irlch2013.html">Tournament
report</a>. }

1. c4 e6 2. e4 d5 3. exd5 exd5 4. d4 Nf6 5. Nc3 Be7 6. Nf3 O-O 7. Be2 c6 8.
O-O h6 9. h3 Be6 10. Qb3 Qb6 11. Qxb6 axb6 12. b3 Nbd7 13. Ne1 Bb4 14. Bd2
Bxc3 15. Bxc3 Ne4 16. Bb2 Nd2 17. Nc2 Nxf1 18. Kxf1 Nf6 19. Bd3 Rfd8 20.
Ba3 c5 21. Ke2 dxc4 22. bxc4 cxd4 23. Be7 Rd7 24. Bxf6 gxf6 25. Kd2 f5 26.
a4 Ra5 27. Rb1 Rxa4 28. Rxb6 Bxc4 29. Bxf5 Rd5 30. Bg4 Ra2 31. Kc1 Ba6 32.
Kb1 Raa5 33. Rxh6 Bd3 34. Kc1 Rdc5 35. Bd1 Bxc2 0-1

[Event "Irish Championship 2013"]
[Site "Limerick IRL"]
[Date "2013.07.11"]
[Round "6.10"]
[White "O'Grady, Martin"]
[Black "Crichton, Martin"]
[Result "0-1"]
[WhiteElo "1903"]
[BlackElo "1965"]
[WhiteICU "1806"]
[WhiteClub "Sarsfield"]
[BlackClub "Greenford ENG"]
[WhiteNationality "IRL"]
[BlackNationality "IRL"]
[WhiteFideId "2505568"]
[BlackFideId "2500973"]
[WhiteICUId "1276"]
[BlackICUId "268"]
[PlyCount "48"]
[EventDate "2013.07.06"]
[Source "Tournament web site"]

{ Event information: <a
href="https://www.irlchess.com/irlch2013_allfiles/pairings_irlch2013.html">Tournament
report</a>. }

1. d4 Nf6 2. Nf3 g6 3. c4 c5 4. g3 Bg7 5. Nc3 cxd4 6. Nxd4 O-O 7. Bg2 Nc6
8. Nc2 d6 9. O-O Be6 10. b3 Rc8 11. Bb2 Qd7 12. Qd2 Bh3 13. Ne3 Bxg2 14.
Kxg2 Ne5 15. Ned5 Nxd5 16. cxd5 b5 17. f4 Ng4 18. h3 Nf6 19. Qd3 Rc5 20. e4
Rfc8 21. Rac1 Ne8 22. Ba1 b4 23. Ne2 Rxc1 24. Bxg7 Rxf1 0-1

[Event "Irish Championship 2013"]
[Site "Limerick IRL"]
[Date "2013.07.12"]
[Round "7.1"]
[White "O'Cinneide, Mel"]
[Black "Fitzsimons, David"]
[Result "0-1"]
[BlackTitle "FM"]
[WhiteElo "2225"]
[BlackElo "2331"]
[WhiteICU "2171"]
[BlackICU "2312"]
[WhiteClub "Rathmines"]
[BlackClub "Elm Mount"]
[WhiteNationality "IRL"]
[BlackNationality "IRL"]
[WhiteFideId "2500620"]
[BlackFideId "2501961"]
[WhiteICUId "720"]
[BlackICUId "6236"]
[PlyCount "74"]
[EventDate "2013.07.06"]
[Source "Tournament web site"]
[WhiteFullName "&Oacute; Cinn&eacute;ide, Mel"]

{ Event information: <a
href="https://www.irlchess.com/irlch2013_allfiles/pairings_irlch2013.html">Tournament
report</a>. }

1. Nf3 Nf6 2. c4 b6 3. g3 c5 4. Bg2 Bb7 5. O-O g6 6. Nc3 Bg7 7. d4 cxd4 8.
Qxd4 d6 9. Rd1 Nbd7 10. Be3 Rc8 11. Rac1 a6 12. b3 O-O 13. Qh4 Rc7 14. Bh3
Qb8 15. g4 e6 16. g5 Ne8 17. Nd4 Nc5 18. Bg4 Be5 19. f3 Qd8 20. Qf2 Qe7 21.
Bh3 Bc8 22. f4 Bg7 23. b4 Nd7 24. Bg2 Bxd4 25. Rxd4 f6 26. gxf6 Ndxf6 27.
Qh4 Ng7 28. Bh3 e5 29. fxe5 Qxe5 30. Bf2 Bxh3 31. Qxh3 Nf5 32. Rcd1 Nxd4
33. Bxd4 Qf5 34. Qd3 Qe6 35. Rf1 Rxc4 36. Rxf6 Rxf6 37. Ne4 Qg4+ 0-1

[Event "Irish Championship 2013"]
[Site "Limerick IRL"]
[Date "2013.07.12"]
[Round "7.2"]
[White "Daly, Colm"]
[Black "Delaney, Killian"]
[Result "1-0"]
[WhiteTitle "FM"]
[WhiteElo "2339"]
[BlackElo "2117"]
[WhiteICU "2298"]
[BlackICU "2067"]
[WhiteClub "Bray/Greystones"]
[BlackClub "Rathmines"]
[WhiteNationality "IRL"]
[BlackNationality "IRL"]
[WhiteFideId "2500434"]
[BlackFideId "2501570"]
[WhiteICUId "295"]
[BlackICUId "5104"]
[PlyCount "67"]
[EventDate "2013.07.06"]
[Source "Live boards"]

{ Annotator: Colm Daly, "Round 7 2013 Irish Championships",
irishchesschampionships.com, July 13, 2013
(http://www.irishchesschampionships.com/games/rd7games.htm: dead link as of
May 18, 2017). } { Event information: <a
href="https://www.irlchess.com/irlch2013_allfiles/pairings_irlch2013.html">Tournament
report</a>. }

1. c4 e5 2. g3 Nf6 3. Bg2 h6 4. Nc3 Bb4 5. e3 c6 6. Nge2 O-O 7. O-O d5 8.
cxd5 cxd5 9. Qb3 Bxc3 10. Nxc3 d4 11. exd4 exd4 12. Nd5 Nxd5 13. Bxd5 Nc6
14. Bg2 Be6 15. Qf3 Nb4 16. b3 Bd5 17. Qh5 Bxg2 18. Kxg2 Nc2 19. Rb1 d3 20.
Bb2 Qd7 21. Bc3 f5 22. f4 Rfe8 23. Kh3 Re2 24. Rg1 Rc8 25. g4 fxg4+ 26.
Qxg4 Qxg4+ 27. Rxg4 Rxc3 28. dxc3 d2 29. Rbg1 Ne1 30. Rxg7+ Kf8 31. Rd7 Ke8
32. Rd5 Ke7 33. Rg7+ Ke6 34. Rgd7 1-0

[Event "Irish Championship 2013"]
[Site "Limerick IRL"]
[Date "2013.07.12"]
[Round "7.7"]
[White "Crichton, Martin"]
[Black "O'Rourke, Ray"]
[Result "1-0"]
[WhiteElo "1965"]
[BlackElo "2023"]
[BlackICU "1907"]
[WhiteClub "Greenford ENG"]
[BlackClub "Bray/Greystones"]
[WhiteNationality "IRL"]
[BlackNationality "IRL"]
[WhiteFideId "2500973"]
[BlackFideId "2501023"]
[WhiteICUId "268"]
[BlackICUId "1321"]
[PlyCount "77"]
[EventDate "2013.07.06"]
[Source "Live boards"]

{ Event information: <a
href="https://www.irlchess.com/irlch2013_allfiles/pairings_irlch2013.html">Tournament
report</a>. }

1. e4 e5 2. Bc4 Nc6 3. d3 Bc5 4. Nf3 Nf6 5. Nc3 h6 6. O-O O-O 7. a3 d6 8.
h3 Be6 9. Bxe6 fxe6 10. Na4 Bb6 11. Nxb6 axb6 12. Be3 d5 13. exd5 exd5 14.
c3 d4 15. cxd4 exd4 16. Bf4 Nd5 17. Bg3 Nf4 18. Re1 Qd5 19. Re4 g5 20. Bxf4
Rxf4 21. Rxf4 gxf4 22. Qd2 Rf8 23. Re1 Na5 24. Re5 Qd6 25. Qe2 Rf6 26. Re8+
Kg7 27. Nh4 f3 28. Nxf3 Qf4 29. Re7+ Rf7 30. Re4 Qc1+ 31. Kh2 Nc6 32. Rg4+
Kf8 33. Ne5 Nxe5 34. Qxe5 Qc6 35. Qh8+ Ke7 36. Re4+ Qxe4 37. dxe4 c5 38.
Qxh6 Rf6 39. Qg5 1-0

[Event "Irish Championship 2013"]
[Site "Limerick IRL"]
[Date "2013.07.13"]
[Round "8.1"]
[White "Fitzsimons, David"]
[Black "Short, Philip"]
[Result "0-1"]
[WhiteTitle "FM"]
[BlackTitle "FM"]
[WhiteElo "2331"]
[BlackElo "2260"]
[WhiteICU "2312"]
[WhiteClub "Elm Mount"]
[WhiteNationality "IRL"]
[BlackNationality "IRL"]
[WhiteFideId "2501961"]
[BlackFideId "2500086"]
[WhiteICUId "6236"]
[BlackICUId "1557"]
[PlyCount "80"]
[EventDate "2013.07.06"]
[Source "Tournament web site"]

{ Event information: <a
href="https://www.irlchess.com/irlch2013_allfiles/pairings_irlch2013.html">Tournament
report</a>. }

1. e4 e6 2. d4 d5 3. Nd2 c5 4. c3 cxd4 5. cxd4 dxe4 6. Nxe4 Nd7 7. Nf3 Ngf6
8. Nc3 Be7 9. Bd3 O-O 10. O-O b6 11. Re1 Bb7 12. Bc2 Rc8 13. Qd3 Re8 14.
Bg5 Nf8 15. a3 Qc7 16. Bb3 Red8 17. Rad1 Ng6 18. h3 Nd5 19. Ne4 Ngf4 20.
Qd2 Bxg5 21. Nexg5 h6 22. Ne4 Ng6 23. Rc1 Qe7 24. Ne5 Rxc1 25. Rxc1 Ndf4
26. Nxg6 Nxg6 27. Qe3 Qd7 28. Nc3 Qxd4 29. Qxd4 Rxd4 30. Nb5 Rd7 31. Nxa7
Nf4 32. Rc4 Nxg2 33. Ba4 Rd2 34. Rb4 Bd5 35. Bc6 Ne1 36. Rxb6 Nd3 37. b4
Rd1+ 38. Kh2 Rh1+ 39. Kg3 Rg1+ 40. Kh4 Nf4 0-1

[Event "Irish Championship 2013"]
[Site "Limerick IRL"]
[Date "2013.07.13"]
[Round "8.2"]
[White "Walsh, Paul"]
[Black "Daly, Colm"]
[Result "0-1"]
[BlackTitle "FM"]
[WhiteElo "2118"]
[BlackElo "2339"]
[WhiteICU "2017"]
[BlackICU "2298"]
[WhiteClub "Sarsfield"]
[BlackClub "Bray/Greystones"]
[WhiteNationality "IRL"]
[BlackNationality "IRL"]
[WhiteFideId "2501260"]
[BlackFideId "2500434"]
[WhiteICUId "3820"]
[BlackICUId "295"]
[PlyCount "106"]
[EventDate "2013.07.06"]
[Source "Colm Daly, irishchesschampionships.com"]

{ Event information: <a
href="https://www.irlchess.com/irlch2013_allfiles/pairings_irlch2013.html">Tournament
report</a>. }

1. e4 c5 2. Nf3 e6 3. d4 cxd4 4. Nxd4 Nc6 5. Nb5 d6 6. c4 Nf6 7. N1c3 a6 8.
Nd4 Bd7 9. Be2 Be7 10. O-O O-O 11. Be3 Qb8 12. Nb3 b6 13. f4 Rc8 14. Rc1
Be8 15. Qe1 Nd7 16. Qf2 Nc5 17. Nd2 Nb4 18. Bd4 e5 19. Bxc5 dxc5 20. f5 Bg5
21. Rfd1 f6 22. a3 Nc6 23. Nd5 Bf7 24. Rb1 Bxd2 25. Rxd2 Bxd5 26. exd5 Nd4
27. b4 Qd6 28. Rdb2 b5 29. cxb5 axb5 30. bxc5 Qxc5 31. Bxb5 Qxd5 32. a4 Kh8
33. Rd2 Rc3 34. Rbd1 Rd8 35. h3 h6 36. Bf1 Ra3 37. Bb5 Rb3 38. Bf1 Rb4 39.
Bb5 Rb8 40. Kh1 Qe4 41. Bd3 Qa8 42. Bb5 Rc8 43. Bd7 Rc7 44. Bb5 Qc8 45. Kh2
Rc3 46. Kg1 Rbb3 47. Rxd4 exd4 48. Qxd4 Rc1 49. Rxc1 Qxc1+ 50. Kh2 Qc7+ 51.
Kg1 Rc3 52. Bf1 Rc1 53. Kf2 Qc2+ 0-1